000 01263naa a22003497a 4500
001 BR8803423
003 BR-BrBNA
005 20240918180141.0
007 ta
008 230509b bl.||||| |||| 00| 0 por d
040 _aBR-BrBNA
_bpor
_cBiblioteca Nacional de Agricultura
041 _a(Pt)
072 _aF04
_b3840
090 _aF04 BR8803423
100 1 _aPaolinelli, M.T.
100 1 _aOliveira, P.M. de
100 1 _aSantos, P.R.R.S.
100 1 _aLeandro, V. de P.
100 1 _aMoraes, W.V. de
111 1 _a1. Seminario sobre o uso de Fosfogesso na Agricultura
_cBrasilia, DF (Brazil)
_d11-12 Jun 1985
245 1 _aAplicacao direta do fosfogesso
246 1 _a[Gypsum aplication on soil]
246 1 _a[Annals of the 1st. Seminary on the use of Agricultural gypsum]
260 3 _aBrasilia, DF (Brasil):
_c1986.
500 _aAnais do 1. Seminario sobre o uso de Fosfogesso na Agricultura Brasilia, DF (Brasil): 1986. p. 197-207 (BR8803423-AM)F04
650 _aGESSO
650 _aFERTILIDADE DO SOLO
650 _aACIDEZ DO SOLO
773 0 _tAnais do 1. Seminario sobre o uso de Fosfogesso na Agricultura
_wF04 BR8803423
_gBrasilia, DF (Brasil), 1986. p. 197-207
909 _a202404
_bLucia
_c55
_dLucia Elande
942 _cAM
_2AGRIS
999 _c319317
_d319317